| 000 | 00620cab a2200229 4500 | ||
|---|---|---|---|
| 001 | WB2334-34 | ||
| 008 | 090401t1987 xxu||||| |||| 00| 0 eng d | ||
| 035 | _a(Sirsi) u73192 | ||
| 041 | _aeng | ||
| 245 | _aProperty quote rules | ||
| 260 | _c1987 | ||
| 350 | _a0 | ||
| 490 |
_aDaily Telegraph _v24/8/87 p14 |
||
| 520 | _aThe listing requirements for single asset property schemes are published by the Stock Exchange . | ||
| 650 | _aPINCS | ||
| 650 | _aPROPERTY UNIT TRUSTS | ||
| 650 | _aSECURITISATION | ||
| 650 | _aUNITISATION | ||
| 690 | _aPROPERTY LAW AND PRACTICE | ||
| 942 | _n0 | ||
| 948 | _c04/03/1997 | ||
| 999 |
_c46288 _d46288 |
||